Principles of regeneration

Guardado en:
Detalles Bibliográficos
Autor principal: Goss, Richard J., 1925-
Formato: Libro
Lenguaje:English
Publicado: New York, : Academic Press, c1969.
Materias:
LEADER 00906nam a2200241 a 4500
001 c000134386
003 CARM
005 00000000000000.0
008 690214s1969 nyua b 00110 eng
019 1 |a 1029  |z 4050417  |z 28052180  |z 28152891  |5 LACONCORD2021 
035 |a (OCoLC)225023  |5 LACONCORD2021 
040 |d WCX 
050 0 0 |a QH499  |b .G6 
100 1 |a Goss, Richard J.,  |d 1925- 
245 1 0 |a Principles of regeneration  |c Richard J. Goss ; illustrated by Louise Russell. 
260 |a New York, :  |b Academic Press,  |c c1969. 
300 |a ix, 287 p. :  |b ill. ;  |c 27 cm. 
504 |a Includes bibliographies and index. 
650 0 |a Regeneration (Biology) 
852 8 |b CARM  |h A2:AD14D0  |i C00550  |p 0031899  |f BK 
082 0 4 |a 591.3 
999 f f |i f78c2bf3-2cc1-502c-89bf-2a3247625b77  |s 489d9442-9d72-5ed6-811e-495ca43d04a1 
952 f f |p Can circulate  |a CAVAL  |b CAVAL  |c CAVAL  |d CARM 1 Store  |e C00550  |f A2:AD14D0  |h Other scheme  |i book  |m 0031899